000 02126cam a22005174i 4500
003 PE-LiUPU
005 20250731173025.0
008 150623s1999 ag rb 000 0 spa d
020 _a9505737181
035 _a(Sirsi) i9789505737185
040 _aPE-LiUPU
_bspa
_cPE-LiUPU
_erda
049 _aPRUA
082 0 4 _a291
_bS19
_221
082 0 4 _a291
_bS19 1999
100 1 _aSamaan, Philip G.,
_eautor.
245 1 0 _aHermanos de sangre /
_cPhillip G. Samaan.
264 1 _aBuenos Aires :
_bAsociación Casa Editora Sudamericana,
_c1999.
300 _a168 páginas ;
_c20 centímetros
336 _atext
_2rdacontent
337 _aunmediated
_2rdamedia
338 _avolume
_2rdacarrier
504 _aIncluye bibliografía.
505 _aEl padre de la fe -- La simiente de Abrahán -- El hijo de la promesa -- El pueblo elegido -- El fruto de la viña -- El remanente de la simiente -- El testimonio del remanente -- La tierra prometida.
526 _aSEG42
526 _aSEG41
526 _aSEG40
526 _aSEG39
526 _aP94
526 _aP87
526 _aP86
526 _aP85
526 _aP77
526 _aP76
526 _aP35
650 0 4 _aReligiones comparadas.
910 _agavs
_d20181108
942 _2ddc
_cBOOK
949 _a291 S19
_wDEWEY
_c1
_i48258
_d2016-10-27
_e2016-10-27
_lCCODEBUL1
_mBUL
_n2
_r0
_sY
_tBOOK
_u2015-6-24
_xTEOLOGIA
_PP35
_0COMPRA
_o.STAFF. Colección General
949 _a291 S19 1999
_wDEWEY
_c1
_iFT04129
_lCCODEBUT1
_mBUT
_p{dolar}10.00
_r0
_sY
_tBOOK
_u2018-11-08
_xCRAI
_zOTRO
_0DONACION
_o.STAFF. Colección General Tarapoto
994 _aC0
_bPEPRU
596 _a1 2
999 _a291 S19
_wDEWEY
_c24423
_i48258
_d24423
_e2016-10-27
_f2021-11-11
_g5
_lCCODEBUL1
_mBUL
_n2
_p19.04
_r0
_sY
_tBOOK
_u2015-6-24
_xTEOLOGIA
_PP35
_0COMPRA
_o.STAFF. Colección Teología
999 _a291 S19 1999
_wDEWEY
_c1
_iFT04129
_f2019-2-20
_g1
_lCCODEBUT1
_mBUT
_p10.00
_r0
_sY
_tBOOK
_u2018-11-8
_xBIBLIOTECA
_zUNKNOWN
_0DONACION
_1FCOMPR2
_o.STAFF. Colección General Tarapoto
980 _81
_gALBERTO SANCHEZ Responsable de Automatización